Responses for Show #3668 - Wednesday, July 12, 2000

Doug Lach game 5.

Contestants

[<< previous game]

Cheryl Klein, an English major from Belton, Missouri

Jason Berner, a tutoring coordinator from Queens, New York

Doug Lach, a product development manager from Columbus, Ohio (whose 4-day cash winnings total $73,400)

[next game >>]

Jeopardy! Round responses

CITIES OF NEW YORK
COOKIES
SID & MARTY KROFFT TV
PSYCH 101
TREE WORDS
NOT A GREEK LETTER
    $100 3
Albany

Doug
    $100 23
Cookie Monster

Doug
    $100 1
rock and roll

Doug
    $100 12
Birth

Doug
    $100 16
palms

Doug
    $100 19
shu

Doug
    $200 4
Buffalo

Doug
    $200 24
Thin Mints

Doug
    $200 2
H.R. Pufnstuf

Jason
    $200 10
Oral stage

Doug
    $200 17
hazel

Doug
    $200 22
rumba

Triple Stumper
    $300 5
Cooperstown

Doug
    $300 25
(Alex: We have about a minute to go.)

Ray Charles

Doug
    $300 8
The Brady Bunch

Cheryl
    $300 13
(Jason: What is positive?)

negative reinforcement

DougJason
    $300 18
pine

Jason
    $300 29
tie

Cheryl
    $400 6
Niagara Falls

Doug
    $400 26
Cookie Rojas

Doug
    $300 9
(Cheryl: Who are The Byrds?)

the Bay City Rollers

Cheryl
    $400 14
pain

Jason
    $400 20
elder

Cheryl
    $400 28
(Jason: What is it?)
(Doug: What is clue?)
(Cheryl: What is a space?)

comma

DougJasonCheryl
Triple Stumper
    $500 7
[Applause]
(Alex: Well done!)

Rochester

Doug
    $500 27
Blondie & Dagwood

Cheryl
    $500 11
Land of the Lost

Jason
    $500 15
schizophrenia

Doug
    $500 21
"Cherry Cherry"

Doug
    $500 30
Dogma

Doug

Scores at the first commercial break (after clue 15):

Doug Jason Cheryl
$2,700 $800 $0

Scores at the end of the Jeopardy! Round:

Doug Jason Cheryl
$4,700 $700 $800

Double Jeopardy! Round responses

O CANADA
BEST SUPPORTING ACTRESSES
(Alex: You have to name the Oscar winner for us.)
GYPSY
ROSE
LEE
"STRIP"s
    $200 4
Calgary

Jason
    $200 1
Jessica Lange

Cheryl
    $200 7
Roma

Doug
    $200 10
Dolly Parton

Cheryl
    $200 15
John Brown

Doug
    $200 20
a landing strip

Jason
    $400 9
Royal Canadian Mounted Police

Cheryl
    $400 2
Geena Davis

Cheryl
    $400 8
(Cheryl: What is a cow?)
(Doug: What is a goat?)

Horse

DougCheryl
Triple Stumper
    $400 11
Barbra Streisand

Cheryl
    $400 16
debt

Jason
    $400 21
a weather strip

Jason
    $600 28
prime minister

Jason
    $600 3
(Jason: Who is Cher?)

Olympia Dukakis

DougJason
    $600 25
(Jason: What is Romania?)

France

JasonCheryl
    $600 12
(Doug: What is the Sorbonne?)
(Cheryl: What is the Germanne?)

Cordon Bleu

DougCheryl
Triple Stumper
    $600 17
the Mexican-American War

Doug
    $600 22
a comic strip

Jason
    $800 29
the beaver

Doug
    $800 5
Linda Hunt

Jason
    $800 26
Beatification

Doug
    $500 13
Judy Garland

Cheryl
    $800 18
Northern Virginia

Doug
    $800 23
strip mine

Doug
    $1000 30
(Cheryl: What is Newfoundland?)
...
(Alex: Connected to the mainland.)

Nova Scotia

DougCheryl
    $1000 6
(Cheryl: Who is Jane Fonda?)

Vanessa Redgrave

DougCheryl
    $2,000 27
(Doug: What is Little Greece?)

Egypt

Doug
    $1000 14
Glenfiddich

Jason
    $1000 19
Chancellorsville

Cheryl
    $1000 24
a Möbius strip

Jason

Scores at the end of the Double Jeopardy! Round:

Doug Jason Cheryl
$8,500 $4,700 $1,500

[wagering suggestions for these scores]

Final Jeopardy! Round responses

WORLD CAPITALS
(Alex: $85,400--that's our fourth-highest 5-day total. Now you have a choice: you can take the SUV, the 2 Camaros or the Corvette. Which car did you select?)
(Doug: I'm going to take the Corvette, Alex.)
(Alex: Doug, congratulations, until we meet again, and we will in our $100,000 Tournament of Champions. Good luck!
So long everybody. Three new players on our next show. Join us then!)
CherylWhat is Hobart?
$1,500
JasonWhat is Johannesburg?
$4,700
DougWhat is Wellington?
$3,500
Wellington, New Zealand

Final scores:

Doug Jason Cheryl
$12,000 $0 $0
5-day champion: $85,400 2nd place: a trip to Quail Lodge Resort, Carmel, California 3rd place: a TicketsNow.com gift certificate

Game dynamics:

Coryat scores:

Doug Jason Cheryl
$10,500 $4,700 $2,100
29 R,
4 W
(including 1 DD)
13 R,
4 W
12 R
(including 1 DD),
6 W
(including 1 DD)

Combined Coryat: $17,300

[game clues] [game scores] [suggest correction]

Game tape date: 2000-04-12
The J! Archive is created by fans, for fans. Scraping, republication, monetization, and malicious use prohibited; this site may use cookies and collect identifying information. See terms. The Jeopardy! game show and all elements thereof, including but not limited to copyright and trademark thereto, are the property of Jeopardy Productions, Inc. and are protected under law. This website is not affiliated with, sponsored by, or operated by Jeopardy Productions, Inc. Join the discussion at JBoard.tv.